Makroekonomika, makrotendencie, multiplikátory

Makroekonomické riešenia Modelu ESA na roky 1994-1995 (štvrťročné) v bežných a stálych cenách vyjadrujú protichodný vývoj. Bilancia zdrojov a použitia HDP, očakávaný vývoj. Pomocou multiplikátorov možno analyzovať hospodársku rovnováhu tokových procesov tovarov a služieb aj finančné toky. Multiplika...

Descrizione completa

Salvato in:
Dettagli Bibliografici
Autore principale: Laščiak, Adam
Natura: Capitolo di libro
Lingua:slovacco
Soggetti:
Tags: Aggiungi Tag
Nessun Tag, puoi essere il primo ad aggiungerne!!

MARC

LEADER 00000naa a2200000 4500
001 r023808
005 20221205090346.1
041 0 |a slo 
044 |a SK 
245 1 0 |a Makroekonomika, makrotendencie, multiplikátory  |c Adam Laščiak 
520 |a Makroekonomické riešenia Modelu ESA na roky 1994-1995 (štvrťročné) v bežných a stálych cenách vyjadrujú protichodný vývoj. Bilancia zdrojov a použitia HDP, očakávaný vývoj. Pomocou multiplikátorov možno analyzovať hospodársku rovnováhu tokových procesov tovarov a služieb aj finančné toky. Multiplikačný efekt. Produktivita práce podľa modelu MODELEPA. Vývoj inflácie, nezamestnanosti. 
610 2 0 |a Slovensko 
610 2 0 |a politika hospodárska 
610 2 0 |a 1994 
610 2 0 |a 1995 
610 2 0 |a produkt domáci hrubý 
610 2 0 |a makroekonomika 
610 2 0 |a multiplikátor 
610 2 0 |a modely 
610 2 0 |a rast hospodársky 
100 1 |a Laščiak, Adam